Capitals that Start with the Same Three Letters - Statistics

General Stats
  • This quiz has been taken 941 times
  • The average score is 31 of 48
Answer Stats
Hint Answer % Correct
Abu Abu Dhabi
94%
Kin Kinshasa
92%
Bra Brasília
88%
Pra Prague
87%
Abu Abuja
84%
Bei Beirut
84%
Ber Berlin
82%
Vie Vienna
82%
San Santiago
79%
Bei Beijing
78%
San San José
77%
Vie Vientiane
75%
Por Port-au-Prince
73%
Bel Belmopan
70%
San San Salvador
70%
Por Port-of-Spain
69%
Bra Brazzaville
68%
Por Port Moresby
68%
Par Paris
66%
San Santo Domingo
66%
Ban Bangkok
64%
Bis Bishkek
64%
Bra Bratislava
64%
Par Paramaribo
63%
Ban Bangui
62%
Ban Banjul
62%
Bel Belgrade
62%
Mal Malé
61%
Kin Kingston
59%
Kin Kingstown
59%
Por Port Louis
58%
Bis Bissau
57%
Mon Monaco
56%
Por Porto-Novo
55%
Man Managua
54%
Pra Praia
54%
San San Marino
53%
Man Manila
52%
Por Port Vila
52%
Ber Bern
51%
Ban Bandar Seri Begawan
50%
Mon Montevideo
50%
Man Manama
48%
Mon Monrovia
46%
Mal Malabo
44%
Sai Saint John's
42%
Sai Saint George's
41%
San Sana'a
41%
No matching quizzes found
Score Distribution
Percent of People with Each Score
Percentile by Number Answered
Your Score History
You have not taken this quiz